Widok standardowy
Widok MARC
Pozycja Topical Term
Liczba rekordów, w których użyto hasła: 1
001 - Numer kontrolny
- control field: 41036
003 - Identyfikator numeru kontrolnego
- control field: NUKAT
005 - Data i czas ostatniej modyfikacji
- control field: 20260430131649.0
008 - Dane kontrolne kodowane (40 znaków)
- fixed length control field: 980819 ||a|znnbabn |a ana |c
010 ## - Numer kontrolny Biblioteki Kongresu
- numer kontrolny LC: s 98056093
040 ## - Instytucja sporządzająca rekord
- inst. przygot. dane do rek. khw: WA U/GZ
- język haseł przedmiotowych/tezaurus: kaba
- inst. wprow. rek. khw: WA U/BR
- inst. modyf. rek. khw: WA U/SS
083 #4 - DEWEY DECIMAL CLASSIFICATION NUMBER
- pojed. symbol lub pocz. z zakr. symboli: 900
- określenie wyjaśniające: Historia
083 #4 - DEWEY DECIMAL CLASSIFICATION NUMBER
- pojed. symbol lub pocz. z zakr. symboli: 940
- określenie wyjaśniające: Historia Europy
150 ## - Hasło - nazwa pospolita
- nazwa posp. lub nazwa geogr. na pocz.: Wojna światowa (1939-1945)
- określnik rzeczowy: więźniowie i więzienia Sowietów.
450 ## - Trop zob. - nazwa pospolita
- nazwa posp. lub nazwa geogr. na pocz.: Guerre mondiale (1939-1945)
- określnik rzeczowy: Prisonniers et prisons des Soviétiques [f]
450 ## - Trop zob. - nazwa pospolita
- nazwa posp. lub nazwa geogr. na pocz.: World War, 1939-1945
- określnik rzeczowy: Prisoners and prisons, Soviet [c]
550 ## - Trop zob. też - nazwa pospolita
- nazwa posp. lub nazwa geogr. na pocz.: Antifa-Schule.
670 ## - Źródło informacji
- źródło informacji: RAMEAU